000 00636nam a2200253Ia 4500
003 OSt
005 20220924132250.0
006 a|||||r|||| 00| 0
007 ta
008 220923b |||||||| |||| 00| 0 san d
024 _a39555
037 _cTextual
040 _aARTS
_cARTS
_bsan
041 _2san
_asan
082 _aO15:gxH10,1, 152J0
100 _aJayadeva
_961181
245 0 _aChandralka
260 _c1950
300 _a304p.
_ccm.
490 _aHaridasa sanskrit series; 57
650 _aSANSKRIT LITERATURE
942 _hO15:gxH10,1, 152J0
_cTEXL
_2CC
999 _c429835
_d429835